| 000 | 01416aam a2200313 i 4500 | ||
|---|---|---|---|
| 001 | 768714001 | ||
| 003 | CO-MdFUSB | ||
| 005 | 20210309143403.0 | ||
| 007 | ta | ||
| 008 | 210113t1911 enka|||| |||| 00| 0 eng d | ||
| 020 | _a[No incluye ISBN] | ||
| 040 |
_bspa. _aCO-MdFUSB _cCO-MdFUSB _dCO-MdFUSBC _erda |
||
| 041 | _aeng | ||
| 082 |
_223 _a226.07 _bST933 |
||
| 245 | 1 | 0 |
_aStudies in the synoptic problem. _c/ editado por Sandy Wong |
| 264 | 1 |
_aOxford, England : _bThe Clarendon Press, _c[1911] |
|
| 264 | 4 | _c© 1911 | |
| 300 |
_a456 páginas _c; 22 cm |
||
| 336 |
_atexto _btxt _2rdacontent |
||
| 337 |
_2rdamedia _asin mediación _bn |
||
| 338 |
_2rdacarrier _avolumen _bnc |
||
| 505 | _aLas condiciones en que se escribieron los evangelios - Tres limitaciones del uso de Lucas del evangelio de Marcos - Probabilidades de la 'tradición doble' de Mateo y Lucas - La fuente Q - El libro de dichos utilizado por el editor del primer evangelio - El fondo arameo de los evangelios - Las fuentes del evangelio de Lucas - La crítica del Hexateuco en comparación con la de los evangelios sinópticos - Una teoría reciente del origen del evangelio de Marcos - Crítica sinóptica y el problema escatológico | ||
| 563 | _aPasta dura | ||
| 630 | 7 |
_aBiblia. _pEvangelios _xCrítica, interpretación, etc. |
|
| 700 |
_94951 _aWong, Sandy, _eeditor |
||
| 942 | _cBK | ||
| 945 | _aJTF-925 | ||
| 999 |
_c45433 _d45433 |
||